[Event "DEM U16w 2025"]
[Site "Willingen GER"]
[Date "2025.06.11"]
[Round "6"]
[White "Bauer, Laura Sophie"]
[Black "Neininger, Sarah"]
[Result "1-0"]
[Termination "normal"]
[Board "1"]
[WhiteElo "1979"]
[BlackElo "1857"]
[WhiteClock "00:43:06"]
[BlackClock "00:20:07"]
[PlyCount "118"]
[WhiteFideId "16253647"]
[BlackFideId "16287410"]
[EventCountry "GER"]
[EventRounds "9"]
[EventType "swiss"]
[EventDate "2025.06.07"]

1. e4 {[%clk 01:30:58]} {[%emt 00:00:02]} c5 {[%clk 01:30:54]} {[%emt
00:00:06]} 2. Nf3 {[%clk 01:31:23]} {[%emt 00:00:05]} d6 {[%clk 01:31:18]}
{[%emt 00:00:06]} 3. d4 {[%clk 01:31:49]} {[%emt 00:00:05]} cxd4 {[%clk
01:31:44]} {[%emt 00:00:03]} 4. Nxd4 {[%clk 01:32:14]} {[%emt 00:00:05]} Nf6
{[%clk 01:32:08]} {[%emt 00:00:06]} 5. Nc3 {[%clk 01:32:40]} {[%emt 00:00:05]}
e6 {[%clk 01:32:31]} {[%emt 00:00:06]} 6. Be2 {[%clk 01:32:09]} {[%emt
00:01:01]} Be7 {[%clk 01:32:47]} {[%emt 00:00:14]} 7. O-O {[%clk 01:31:30]}
{[%emt 00:01:08]} O-O {[%clk 01:32:59]} {[%emt 00:00:19]} 8. f4 {[%clk
01:28:58]} {[%emt 00:03:02]} e5 {[%clk 01:33:18]} {[%emt 00:00:11]} 9. Nb3
{[%clk 01:26:53]} {[%emt 00:02:35]} b6 {[%clk 01:33:09]} {[%emt 00:00:40]} 10.
Be3 {[%clk 01:21:55]} {[%emt 00:05:27]} Bb7 {[%clk 01:32:51]} {[%emt 00:00:47]}
11. Bf3 {[%clk 01:18:10]} {[%emt 00:04:15]} Nbd7 {[%clk 01:28:24]} {[%emt
00:04:56]} 12. f5 {[%clk 01:15:50]} {[%emt 00:02:51]} Nc5 {[%clk 01:25:00]}
{[%emt 00:03:55]} 13. Nxc5 {[%clk 01:14:40]} {[%emt 00:01:40]} dxc5 {[%clk
01:24:29]} {[%emt 00:01:01]} 14. Qe2 {[%clk 01:13:50]} {[%emt 00:01:20]} Qc7
{[%clk 01:23:42]} {[%emt 00:01:13]} 15. g4 {[%clk 01:08:52]} {[%emt 00:05:32]}
h6 {[%clk 01:20:33]} {[%emt 00:03:39]} 16. h4 {[%clk 01:04:22]} {[%emt
00:05:00]} Nh7 {[%clk 01:20:03]} {[%emt 00:00:59]} 17. Qh2 {[%clk 01:03:23]}
{[%emt 00:01:28]} c4 {[%clk 01:08:55]} {[%emt 00:11:40]} 18. Kh1 {[%clk
00:59:06]} {[%emt 00:04:47]} Bc5 {[%clk 01:07:03]} {[%emt 00:02:22]} 19. Bxc5
{[%clk 00:58:11]} {[%emt 00:01:25]} Qxc5 {[%clk 01:07:19]} {[%emt 00:00:13]}
20. Qg3 {[%clk 00:56:14]} {[%emt 00:02:28]} f6 {[%clk 01:02:05]} {[%emt
00:05:43]} 21. Rad1 {[%clk 00:55:18]} {[%emt 00:01:27]} Rfd8 {[%clk 00:59:52]}
{[%emt 00:02:42]} 22. Qg1 {[%clk 00:52:01]} {[%emt 00:03:47]} Qb4 {[%clk
00:55:51]} {[%emt 00:04:27]} 23. Be2 {[%clk 00:46:01]} {[%emt 00:06:35]} b5
{[%clk 00:53:16]} {[%emt 00:03:05]} 24. Qe3 {[%clk 00:44:33]} {[%emt 00:01:58]}
a6 {[%clk 00:23:31]} {[%emt 00:30:15]} 25. Qb6 {[%clk 00:36:49]} {[%emt
00:08:14]} Qe7 {[%clk 00:22:35]} {[%emt 00:01:24]} 26. a4 {[%clk 00:31:35]}
{[%emt 00:05:46]} Rab8 {[%clk 00:15:38]} {[%emt 00:07:15]} 27. Qe3 {[%clk
00:30:45]} {[%emt 00:01:31]} Qb4 {[%clk 00:14:36]} {[%emt 00:01:28]} 28. axb5
{[%clk 00:29:42]} {[%emt 00:01:37]} axb5 {[%clk 00:14:58]} {[%emt 00:00:09]}
29. Rxd8+ {[%clk 00:29:55]} {[%emt 00:00:16]} Rxd8 {[%clk 00:15:23]} {[%emt
00:00:05]} 30. Qb6 {[%clk 00:30:03]} {[%emt 00:00:22]} Rb8 {[%clk 00:14:24]}
{[%emt 00:01:29]} 31. Qc7 {[%clk 00:28:50]} {[%emt 00:01:42]} Qf8 {[%clk
00:14:44]} {[%emt 00:00:10]} 32. Kh2 {[%clk 00:27:44]} {[%emt 00:01:36]} Ba8
{[%clk 00:14:54]} {[%emt 00:00:18]} 33. Nxb5 {[%clk 00:27:44]} {[%emt
00:00:33]} Rc8 {[%clk 00:13:42]} {[%emt 00:01:36]} 34. Qd6 {[%clk 00:24:48]}
{[%emt 00:03:31]} Qxd6 {[%clk 00:08:49]} {[%emt 00:05:24]} 35. Nxd6 {[%clk
00:25:13]} {[%emt 00:00:06]} Rd8 {[%clk 00:09:07]} {[%emt 00:00:10]} 36. Bxc4+
{[%clk 00:23:31]} {[%emt 00:02:14]} Kf8 {[%clk 00:09:29]} {[%emt 00:00:08]} 37.
Ra1 {[%clk 00:21:54]} {[%emt 00:02:05]} Bc6 {[%clk 00:08:11]} {[%emt 00:01:43]}
38. Ra6 {[%clk 00:18:48]} {[%emt 00:03:41]} Rxd6 {[%clk 00:07:50]} {[%emt
00:00:51]} 39. Bd5 {[%clk 00:19:14]} {[%emt 00:00:05]} Bxd5 {[%clk 00:07:41]}
{[%emt 00:00:40]} 40. Rxd6 {[%clk 00:19:39]} {[%emt 00:00:03]} Bxe4 {[%clk
00:08:05]} {[%emt 00:00:06]} 41. c4 {[%clk 00:19:59]} {[%emt 00:00:10]} Ke7
{[%clk 00:08:16]} {[%emt 00:00:15]} 42. Ra6 {[%clk 00:19:09]} {[%emt 00:01:24]}
Nf8 {[%clk 00:02:00]} {[%emt 00:06:47]} 43. c5 {[%clk 00:18:48]} {[%emt
00:00:50]} Kd8 {[%clk 00:01:18]} {[%emt 00:01:03]} 44. b4 {[%clk 00:15:56]}
{[%emt 00:03:32]} h5 {[%clk 00:29:49]} {[%emt 00:01:58]} 45. Kg3 {[%clk
00:45:00]} {[%emt 00:01:27]} hxg4 {[%clk 00:25:48]} {[%emt 00:04:31]} 46. Kxg4
{[%clk 00:45:23]} {[%emt 00:00:07]} Nd7 {[%clk 00:25:07]} {[%emt 00:01:10]} 47.
c6 {[%clk 00:43:58]} {[%emt 00:01:55]} Nb8 {[%clk 00:24:47]} {[%emt 00:00:50]}
48. Ra8 {[%clk 00:44:20]} {[%emt 00:00:09]} Kc8 {[%clk 00:23:24]} {[%emt
00:01:51]} 49. b5 {[%clk 00:44:28]} {[%emt 00:00:24]} Bd3 {[%clk 00:23:36]}
{[%emt 00:00:16]} 50. Ra5 {[%clk 00:43:55]} {[%emt 00:01:04]} Bxb5 {[%clk
00:22:55]} {[%emt 00:01:12]} 51. Rxb5 {[%clk 00:44:17]} {[%emt 00:00:07]} Nxc6
{[%clk 00:23:22]} {[%emt 00:00:04]} 52. Kh5 {[%clk 00:43:17]} {[%emt 00:01:29]}
Nd4 {[%clk 00:23:21]} {[%emt 00:00:31]} 53. Rc5+ {[%clk 00:43:40]} {[%emt
00:00:07]} Kd7 {[%clk 00:23:28]} {[%emt 00:00:22]} 54. Kg6 {[%clk 00:43:53]}
{[%emt 00:00:18]} Kd6 {[%clk 00:19:46]} {[%emt 00:04:12]} 55. Ra5 {[%clk
00:43:41]} {[%emt 00:00:44]} Nf3 {[%clk 00:19:23]} {[%emt 00:00:51]} 56. h5
{[%clk 00:44:03]} {[%emt 00:00:09]} Nh4 {[%clk 00:19:39]} {[%emt 00:00:13]} 57.
Kxg7 {[%clk 00:44:28]} {[%emt 00:00:05]} Nxf5+ {[%clk 00:20:04]} {[%emt
00:00:06]} 58. Kxf6 {[%clk 00:44:52]} {[%emt 00:00:06]} Nh6 {[%clk 00:20:07]}
{[%emt 00:00:24]} 59. Kg6 {[%clk 00:43:06]} {[%emt 00:02:18]} Kd5 {[%emt
00:00:46]} 1-0

[Event "DEM U16w 2025"]
[Site "Willingen GER"]
[Date "2025.06.11"]
[Round "6"]
[White "Müller, Riyanna"]
[Black "Bezsonna, Polina"]
[Result "1-0"]
[Termination "normal"]
[Board "2"]
[WhiteTitle "WCM"]
[WhiteElo "2056"]
[BlackElo "1972"]
[WhiteClock "00:35:11"]
[BlackClock "00:00:55"]
[PlyCount "63"]
[WhiteFideId "16287401"]
[BlackFideId "14191156"]
[EventCountry "GER"]
[EventRounds "9"]
[EventType "swiss"]
[EventDate "2025.06.07"]

1. e4 {[%clk 01:30:57]} {[%emt 00:00:02]} c5 {[%clk 01:30:50]} {[%emt
00:00:11]} 2. Nf3 {[%clk 01:31:21]} {[%emt 00:00:05]} g6 {[%clk 01:31:09]}
{[%emt 00:00:11]} 3. c3 {[%clk 01:31:36]} {[%emt 00:00:17]} d5 {[%clk
01:31:26]} {[%emt 00:00:13]} 4. exd5 {[%clk 01:31:49]} {[%emt 00:00:16]} Qxd5
{[%clk 01:31:50]} {[%emt 00:00:06]} 5. d4 {[%clk 01:31:50]} {[%emt 00:00:29]}
Bg7 {[%clk 01:32:01]} {[%emt 00:00:20]} 6. Nbd2 {[%clk 01:28:34]} {[%emt
00:03:46]} cxd4 {[%clk 01:29:13]} {[%emt 00:03:17]} 7. Bc4 {[%clk 01:28:58]}
{[%emt 00:00:06]} Qa5 {[%clk 01:26:15]} {[%emt 00:03:28]} 8. Nxd4 {[%clk
01:23:26]} {[%emt 00:06:01]} Nf6 {[%clk 01:20:43]} {[%emt 00:06:03]} 9. O-O
{[%clk 01:22:17]} {[%emt 00:01:38]} O-O {[%clk 01:20:26]} {[%emt 00:00:48]} 10.
Re1 {[%clk 01:19:20]} {[%emt 00:03:26]} e6 {[%clk 01:13:25]} {[%emt 00:07:32]}
11. b4 {[%clk 01:18:06]} {[%emt 00:01:44]} Qd8 {[%clk 01:10:01]} {[%emt
00:03:53]} 12. N2f3 {[%clk 01:17:11]} {[%emt 00:01:25]} Nd5 {[%clk 00:53:07]}
{[%emt 00:17:25]} 13. Bg5 {[%clk 00:59:50]} {[%emt 00:17:50]} Qd6 {[%clk
00:41:23]} {[%emt 00:12:14]} 14. Qd2 {[%clk 00:58:48]} {[%emt 00:01:32]} Nb6
{[%clk 00:35:55]} {[%emt 00:05:58]} 15. Bb3 {[%clk 00:50:17]} {[%emt 00:09:01]}
Nc6 {[%clk 00:22:25]} {[%emt 00:14:01]} 16. Bf4 {[%clk 00:41:34]} {[%emt
00:09:05]} Qd8 {[%clk 00:21:51]} {[%emt 00:01:12]} 17. Nxc6 {[%clk 00:41:47]}
{[%emt 00:00:17]} bxc6 {[%clk 00:22:06]} {[%emt 00:00:15]} 18. Qc2 {[%clk
00:40:56]} {[%emt 00:01:19]} Nd5 {[%clk 00:19:20]} {[%emt 00:03:18]} 19. Rad1
{[%clk 00:39:06]} {[%emt 00:02:20]} Qb6 {[%clk 00:18:39]} {[%emt 00:01:10]} 20.
Be5 {[%clk 00:39:17]} {[%emt 00:00:19]} f6 {[%clk 00:17:09]} {[%emt 00:02:00]}
21. Bd4 {[%clk 00:39:24]} {[%emt 00:00:22]} Qc7 {[%clk 00:17:15]} {[%emt
00:00:25]} 22. Bc5 {[%clk 00:39:28]} {[%emt 00:00:26]} Rd8 {[%clk 00:16:23]}
{[%emt 00:01:22]} 23. c4 {[%clk 00:37:04]} {[%emt 00:02:54]} Nb6 {[%clk
00:06:39]} {[%emt 00:10:16]} 24. Rxd8+ {[%clk 00:36:13]} {[%emt 00:01:18]} Qxd8
{[%clk 00:07:08]} {[%emt 00:00:02]} 25. Nd4 {[%clk 00:35:46]} {[%emt 00:00:57]}
Kh8 {[%clk 00:04:46]} {[%emt 00:02:53]} 26. Nxe6 {[%clk 00:34:49]} {[%emt
00:01:26]} Qe8 {[%clk 00:03:49]} {[%emt 00:01:28]} 27. Qe2 {[%clk 00:35:13]}
{[%emt 00:00:05]} Bxe6 {[%clk 00:03:33]} {[%emt 00:00:46]} 28. Qxe6 {[%clk
00:35:37]} {[%emt 00:00:06]} Qxe6 {[%clk 00:02:09]} {[%emt 00:01:55]} 29. Rxe6
{[%clk 00:36:01]} {[%emt 00:00:05]} Rc8 {[%clk 00:00:38]} {[%emt 00:02:01]} 30.
Re7 {[%clk 00:34:54]} {[%emt 00:01:36]} Rd8 {[%clk 00:00:39]} {[%emt 00:00:31]}
31. Rxa7 {[%clk 00:34:48]} {[%emt 00:00:35]} Nd7 {[%clk 00:00:55]} {[%emt
00:00:15]} 32. Be7 {[%clk 00:35:11]} {[%emt 00:00:07]} 1-0

[Event "DEM U16w 2025"]
[Site "Willingen GER"]
[Date "2025.06.11"]
[Round "6"]
[White "Moldovan, Stela"]
[Black "Trunz, Tamila"]
[Result "1/2-1/2"]
[Termination "normal"]
[Board "3"]
[WhiteElo "1711"]
[BlackElo "2053"]
[WhiteClock "00:54:56"]
[BlackClock "00:07:32"]
[PlyCount "59"]
[WhiteFideId "16287380"]
[BlackFideId "16267885"]
[EventCountry "GER"]
[EventRounds "9"]
[EventType "swiss"]
[EventDate "2025.06.07"]

1. d4 {[%clk 01:30:32]} {[%emt 00:00:28]} Nf6 {[%clk 01:30:50]} {[%emt
00:00:10]} 2. Nf3 {[%clk 01:30:38]} {[%emt 00:00:25]} g6 {[%clk 01:30:47]}
{[%emt 00:00:32]} 3. Bf4 {[%clk 01:30:19]} {[%emt 00:00:49]} Bg7 {[%clk
01:30:09]} {[%emt 00:01:09]} 4. c4 {[%clk 01:27:49]} {[%emt 00:03:00]} d6
{[%clk 01:28:23]} {[%emt 00:02:15]} 5. Nc3 {[%clk 01:27:58]} {[%emt 00:00:21]}
Nh5 {[%clk 01:18:26]} {[%emt 00:10:28]} 6. Bg5 {[%clk 01:26:49]} {[%emt
00:01:36]} h6 {[%clk 01:16:05]} {[%emt 00:02:54]} 7. Bd2 {[%clk 01:24:36]}
{[%emt 00:02:41]} e5 {[%clk 01:13:09]} {[%emt 00:03:28]} 8. d5 {[%clk
01:21:14]} {[%emt 00:03:52]} O-O {[%clk 01:01:41]} {[%emt 00:11:58]} 9. e4
{[%clk 01:19:05]} {[%emt 00:02:39]} f5 {[%clk 00:43:44]} {[%emt 00:18:26]} 10.
Qc2 {[%clk 01:13:54]} {[%emt 00:05:41]} a5 {[%clk 00:43:35]} {[%emt 00:00:40]}
11. a4 {[%clk 01:13:08]} {[%emt 00:01:15]} Na6 {[%clk 00:42:49]} {[%emt
00:01:16]} 12. Be3 {[%clk 01:11:25]} {[%emt 00:02:12]} fxe4 {[%clk 00:40:42]}
{[%emt 00:02:38]} 13. Nxe4 {[%clk 01:10:01]} {[%emt 00:01:54]} Bf5 {[%clk
00:40:00]} {[%emt 00:01:13]} 14. Bd3 {[%clk 01:09:04]} {[%emt 00:01:27]} Nb4
{[%clk 00:40:00]} {[%emt 00:00:31]} 15. Qb1 {[%clk 01:08:33]} {[%emt 00:00:59]}
Nxd3+ {[%clk 00:40:00]} {[%emt 00:00:31]} 16. Qxd3 {[%clk 01:08:53]} {[%emt
00:00:09]} Nf4 {[%clk 00:36:51]} {[%emt 00:03:39]} 17. Bxf4 {[%clk 01:09:07]}
{[%emt 00:00:16]} exf4 {[%clk 00:36:53]} {[%emt 00:00:28]} 18. O-O {[%clk
01:08:59]} {[%emt 00:00:39]} Qe7 {[%clk 00:33:14]} {[%emt 00:04:08]} 19. Rfe1
{[%clk 01:08:42]} {[%emt 00:00:47]} Rae8 {[%clk 00:33:12]} {[%emt 00:00:32]}
20. Nfd2 {[%clk 01:08:52]} {[%emt 00:00:19]} Bxb2 {[%clk 00:25:36]} {[%emt
00:08:07]} 21. Rab1 {[%clk 01:09:00]} {[%emt 00:00:22]} Qg7 {[%clk 00:25:22]}
{[%emt 00:00:44]} 22. Qb3 {[%clk 01:08:31]} {[%emt 00:01:00]} Bd4 {[%clk
00:24:45]} {[%emt 00:01:06]} 23. Qxb7 {[%clk 01:03:16]} {[%emt 00:05:45]} Re7
{[%clk 00:22:55]} {[%emt 00:02:21]} 24. Kf1 {[%clk 01:00:49]} {[%emt 00:02:56]}
Rfe8 {[%clk 00:17:58]} {[%emt 00:05:27]} 25. f3 {[%clk 01:00:37]} {[%emt
00:00:43]} Bb6 {[%clk 00:16:17]} {[%emt 00:02:10]} 26. Rxb6 {[%clk 00:57:45]}
{[%emt 00:03:22]} cxb6 {[%clk 00:14:18]} {[%emt 00:02:30]} 27. Qxb6 {[%clk
00:58:10]} {[%emt 00:00:05]} Qe5 {[%clk 00:12:57]} {[%emt 00:01:50]} 28. c5
{[%clk 00:57:41]} {[%emt 00:00:59]} dxc5 {[%clk 00:07:57]} {[%emt 00:05:30]}
29. Qxc5 {[%clk 00:57:52]} {[%emt 00:00:20]} Kg7 {[%clk 00:07:32]} {[%emt
00:00:55]} 30. Nc4 {[%clk 00:54:56]} {[%emt 00:03:25]} 1/2-1/2

[Event "DEM U16w 2025"]
[Site "Willingen GER"]
[Date "2025.06.11"]
[Round "6"]
[White "Mamani Orozco, Camila Guianella"]
[Black "Lorenz, Veronika"]
[Result "0-1"]
[Termination "normal"]
[Board "4"]
[WhiteElo "1689"]
[BlackElo "1952"]
[WhiteClock "00:05:58"]
[BlackClock "00:31:55"]
[PlyCount "40"]
[WhiteFideId "3877663"]
[BlackFideId "16277406"]
[EventCountry "GER"]
[EventRounds "9"]
[EventType "swiss"]
[EventDate "2025.06.07"]

1. d4 Nf6 2. c4 g6 3. g3 Bg7 4. Bg2 O-O 5. Nc3 d6 6. Nf3 c5 7. O-O {[%clk
00:31:55]} Nc6 {[%clk 00:01:55]} 8. e4 {[%clk 00:31:55]} cxd4 {[%clk 00:01:55]}
9. Nxd4 {[%clk 00:31:55]} Qb6 {[%clk 00:01:55]} 10. Nxc6 {[%clk 00:31:55]} bxc6
{[%clk 00:01:55]} 11. Qc2 {[%clk 00:31:55]} Be6 {[%clk 00:01:55]} 12. b3 {[%clk
00:31:55]} Rfd8 {[%clk 00:01:55]} 13. Bb2 {[%clk 00:31:55]} Rac8 {[%clk
00:01:55]} 14. Na4 {[%clk 00:31:55]} Qa5 {[%clk 00:01:55]} 15. c5 {[%clk
00:31:55]} d5 {[%clk 00:01:55]} 16. Rfd1 {[%clk 00:31:55]} Qc7 {[%clk
00:01:55]} 17. Nc3 {[%clk 00:31:55]} Bg4 {[%clk 00:01:55]} 18. f3 {[%clk
00:31:55]} Be6 {[%clk 00:01:55]} 19. Ne2 {[%clk 00:31:55]} dxe4 {[%clk
00:01:55]} 20. fxe4 {[%clk 00:31:55]} Bg4 {[%clk 00:01:55]} 21. a3 {[%clk
00:31:55]} Bh6 {[%clk 00:01:55]} 22. Kh1 {[%clk 00:31:55]} Nd7 {[%clk
00:01:55]} 23. Qc3 {[%clk 00:31:55]} f6 {[%clk 00:01:55]} 24. Qc4+ {[%clk
00:31:55]} Kg7 {[%clk 00:01:55]} 25. Nf4 {[%clk 00:31:55]} Bxf4 {[%clk
00:01:55]} 26. gxf4 {[%clk 00:31:55]} Bxd1 {[%clk 00:01:55]} 27. Rxd1 {[%clk
00:31:55]} Nxc5 {[%clk 00:01:55]} 28. Rf1 {[%clk 00:31:55]} Nd3 {[%clk
00:01:55]} 29. Bc3 {[%clk 00:31:55]} Qb6 {[%clk 00:01:55]} 30. Bf3 {[%clk
00:31:55]} Qc5 {[%clk 00:01:55]} 31. Be2 {[%clk 00:31:55]} Nf2+ {[%clk
00:01:55]} 32. Kg2 {[%clk 00:31:55]} Qxc4 {[%clk 00:01:55]} 33. Bxc4 {[%clk
00:31:55]} Nxe4 {[%clk 00:01:55]} 34. Ba5 {[%clk 00:31:55]} Rd6 {[%clk
00:01:55]} 35. Re1 {[%clk 00:31:55]} f5 {[%clk 00:01:55]} 36. h4 {[%clk
00:31:55]} Kf6 {[%clk 00:01:55]} 37. Kh3 {[%clk 00:31:55]} h6 {[%clk 00:01:55]}
38. Ba6 {[%clk 00:31:55]} Rb8 {[%clk 00:01:55]} 39. b4 {[%clk 00:31:55]} Rg8
{[%clk 00:01:55]} 40. Bc7 {[%clk 00:31:55]} Rd5 {[%clk 00:01:55]} 41. Bc4
{[%clk 00:31:55]} Rc8 {[%clk 00:01:55]} 42. Bxd5 {[%clk 00:31:55]} cxd5 {[%clk
00:01:55]} 43. Be5+ {[%clk 00:31:55]} Kf7 {[%clk 00:01:55]} 44. b5 {[%clk
00:31:55]} Nf2+ {[%clk 00:01:55]} 45. Kg2 {[%clk 00:31:55]} Nd3 {[%clk
00:01:55]} 46. Re3 {[%clk 00:31:55]} Nxe5 {[%clk 00:01:55]} 47. Rxe5 {[%clk
00:31:55]} e6 {[%clk 00:01:55]} 48. Re3 {[%clk 00:31:55]} Rc2+ {[%clk
00:01:55]} 49. Kf3 {[%clk 00:31:55]} Rb2 {[%clk 00:01:55]} 50. a4 {[%clk
00:31:55]} Rb4 {[%clk 00:01:55]} 51. Ra3 {[%clk 00:31:55]} Ke7 {[%clk
00:01:55]} 52. Ke3 {[%clk 00:31:55]} Kd6 {[%clk 00:01:55]} 53. Kf3 {[%clk
00:31:55]} Kc5 {[%clk 00:01:55]} 54. Rc3+ {[%clk 00:31:55]} Rc4 {[%clk
00:01:55]} 55. Re3 {[%clk 00:31:55]} Kd6 {[%clk 00:01:55]} 56. Ra3 {[%clk
00:31:55]} d4 {[%clk 00:01:55]} 57. a5 {[%clk 00:31:55]} Rc3+ {[%clk 00:01:55]}
58. Rxc3 {[%clk 00:31:55]} dxc3 {[%clk 00:01:55]} 59. Ke3 {[%clk 00:31:55]} c2
{[%clk 00:01:55]} 60. Kd2 {[%clk 00:31:55]} c1=Q+ {[%clk 00:01:55]} 61. Kxc1
{[%clk 00:31:55]} Kc5 {[%clk 00:01:55]} 62. b6 {[%clk 00:31:55]} axb6 {[%clk
00:01:55]} 63. axb6 {[%clk 00:31:55]} Kxb6 {[%clk 00:01:55]} 64. Kb2 {[%clk
00:31:55]} Kc5 {[%clk 00:01:55]} 65. Kc3 {[%clk 00:31:55]} Kd5 {[%clk
00:01:55]} 66. Kd3 {[%clk 00:31:55]} h5 {[%clk 00:01:55]} 67. Ke3 {[%clk
00:31:55]} Kc4 {[%clk 00:01:55]} 68. Kf2 {[%clk 00:31:55]} Kd4 {[%clk
00:01:55]} 69. Kf3 {[%clk 00:31:55]} Kd3 {[%clk 00:01:55]} 70. Kg2 {[%clk
00:31:55]} Ke4 {[%clk 00:01:55]} 71. Kg3 {[%clk 00:31:55]} Ke3 {[%clk
00:01:55]} 72. Kg2 {[%clk 00:31:55]} Kxf4 {[%clk 00:01:55]} 0-1

[Event "DEM U16w 2025"]
[Site "Willingen GER"]
[Date "2025.06.11"]
[Round "6"]
[White "Kutz, Ida Klara"]
[Black "Vogt, Luna"]
[Result "0-1"]
[Termination "normal"]
[Board "5"]
[WhiteElo "1783"]
[BlackElo "1773"]
[WhiteClock "00:12:13"]
[BlackClock "00:12:30"]
[PlyCount "50"]
[WhiteFideId "16296257"]
[BlackFideId "34607153"]
[EventCountry "GER"]
[EventRounds "9"]
[EventType "swiss"]
[EventDate "2025.06.07"]

1. d4 {[%clk 01:30:57]} {[%emt 00:00:02]} Nf6 {[%clk 01:30:54]} {[%emt
00:00:06]} 2. Nf3 {[%clk 01:31:21]} {[%emt 00:00:07]} c5 {[%clk 01:31:12]}
{[%emt 00:00:12]} 3. g3 {[%clk 01:31:22]} {[%emt 00:00:30]} cxd4 {[%clk
01:30:38]} {[%emt 00:01:04]} 4. Nxd4 {[%clk 01:31:45]} {[%emt 00:00:07]} Nc6
{[%clk 01:29:50]} {[%emt 00:01:16]} 5. Bg2 {[%clk 01:30:05]} {[%emt 00:02:10]}
e5 {[%clk 01:27:59]} {[%emt 00:02:22]} 6. Nb3 {[%clk 01:28:15]} {[%emt
00:02:20]} Be7 {[%clk 01:27:11]} {[%emt 00:01:18]} 7. O-O {[%clk 01:27:56]}
{[%emt 00:00:49]} O-O {[%clk 01:27:19]} {[%emt 00:00:22]} 8. Nc3 {[%clk
01:25:29]} {[%emt 00:02:56]} a6 {[%clk 01:21:44]} {[%emt 00:06:06]} 9. Nd5
{[%clk 01:17:28]} {[%emt 00:08:32]} Nxd5 {[%clk 01:20:13]} {[%emt 00:02:00]}
10. Bxd5 {[%clk 01:17:50]} {[%emt 00:00:09]} Qc7 {[%clk 01:18:52]} {[%emt
00:01:49]} 11. a3 {[%clk 01:13:30]} {[%emt 00:04:51]} b5 {[%clk 01:12:45]}
{[%emt 00:06:38]} 12. Qd3 {[%clk 01:05:16]} {[%emt 00:08:43]} Bb7 {[%clk
01:12:03]} {[%emt 00:01:12]} 13. Rd1 {[%clk 00:59:54]} {[%emt 00:05:51]} d6
{[%clk 01:07:36]} {[%emt 00:04:58]} 14. h4 {[%clk 00:46:35]} {[%emt 00:13:49]}
a5 {[%clk 00:36:26]} {[%emt 00:31:40]} 15. Qxb5 {[%clk 00:39:06]} {[%emt
00:07:59]} a4 {[%clk 00:36:45]} {[%emt 00:00:11]} 16. Nd2 {[%clk 00:38:30]}
{[%emt 00:01:04]} Ra5 {[%clk 00:36:14]} {[%emt 00:01:01]} 17. Qd3 {[%clk
00:36:33]} {[%emt 00:02:26]} Nb4 {[%clk 00:29:46]} {[%emt 00:06:59]} 18. Bxf7+
{[%clk 00:33:18]} {[%emt 00:03:46]} Rxf7 {[%clk 00:29:57]} {[%emt 00:00:20]}
19. axb4 {[%clk 00:33:30]} {[%emt 00:00:17]} Qb6 {[%clk 00:18:30]} {[%emt
00:11:57]} 20. Rf1 {[%clk 00:26:34]} {[%emt 00:07:26]} Qxb4 {[%clk 00:18:43]}
{[%emt 00:00:16]} 21. Qc4 {[%clk 00:21:58]} {[%emt 00:05:07]} Qb6 {[%clk
00:17:37]} {[%emt 00:01:36]} 22. Qg4 {[%clk 00:16:51]} {[%emt 00:05:37]} Qc6
{[%clk 00:15:46]} {[%emt 00:02:20]} 23. f3 {[%clk 00:14:38]} {[%emt 00:02:44]}
d5 {[%clk 00:14:35]} {[%emt 00:01:41]} 24. c4 {[%clk 00:12:04]} {[%emt
00:03:04]} Bc8 {[%clk 00:12:30]} {[%emt 00:02:35]} 25. cxd5 {[%clk 00:12:13]}
{[%emt 00:00:21]} Qc5+ {[%emt 00:00:23]} 0-1